00250nam a22000977a 4500082001400000100001800014245003100032260004300063300000800106650003800114 a539.7 ANN aAnnual Report aThe Annual Report for 1992 aParisb Atomic Energy Commissionc1992 a72p aAtomic energy,Annual reports 1992